Géographie rurale : La ruralité en France (notice n° 1925174)
[ vue normale ]
| 000 -LEADER | |
|---|---|
| fixed length control field | 01348cam a2200145 4500500 |
| 005 - DATE AND TIME OF LATEST TRANSACTION | |
| control field | 20260329023149.0 |
| 041 ## - LANGUAGE CODE | |
| Language code of text/sound track or separate title | fre |
| 042 ## - AUTHENTICATION CODE | |
| Authentication code | dc |
| 100 10 - MAIN ENTRY--PERSONAL NAME | |
| Personal name | Jean, Yves |
| Relator term | author |
| 245 00 - TITLE STATEMENT | |
| Title | Géographie rurale : La ruralité en France |
| 260 ## - PUBLICATION, DISTRIBUTION, ETC. | |
| Name of publisher, distributor, etc. | Armand Colin,<br/> |
| Date of publication, distribution, etc. | 2017.<br/> |
| 520 ## - SUMMARY, ETC. | |
| Summary, etc. | Les notions de ruralité et d’espace rural sont fondamentales pour la géographie française. Cet ouvrage s’interroge sur leur devenir depuis un demi-siècle et appréhende les mutations contemporaines qu’ont connues les campagnes selon une approche géohistorique : complexification des relations villes-campagnes, extension du phénomène résidentiel et accroissement des mobilités, territorialisation des politiques publiques. Autant de questions qui sont au centre des enjeux d’aménagement des espaces ruraux. Cette nouvelle édition présente l’ensemble de ces mutations : le développement des produits de qualité, l’agriculture biologique ou les circuits courts. Elle revient également sur des problématiques telles que la désertification médicale, l’accès aux services publics, les nouvelles lois d’aménagement du territoire ou les évolutions des politiques européennes. |
| 700 10 - ADDED ENTRY--PERSONAL NAME | |
| Personal name | Périgord, Michel |
| Relator term | author |
| 856 41 - ELECTRONIC LOCATION AND ACCESS | |
| Uniform Resource Identifier | <a href="https://shs.cairn.info/geographie-rurale--9782200617844?lang=fr&redirect-ssocas=7080">https://shs.cairn.info/geographie-rurale--9782200617844?lang=fr&redirect-ssocas=7080</a> |
Pas d'exemplaire disponible.




Réseaux sociaux